000
00278 a2200097 4500
082
_a
620.003 MEH
100
_a
Mehta,S.
245
_a
Academic's Dictionary of Engineering /
_c
S.Mehta
260
_a
New Delhi :
_c
Academic Publisher ,
_b
2003
300
_a
460p. :
_b
ill. ;
_c
24cm
650
_a
Engineering dictionary
999
_c
1899
_d
1899